[Event "ICS Rated blitz match"]
[Site "207.99.83.229"]
[Date "1999.05.25"]
[Round "?"]
[White "Hossa"]
[Black "Data"]
[Result "0-1"]
[WhiteElo "2426"]
[BlackElo "2739"]
[PlyCount "126"]

1. e4 c5 2. Nf3 Nc6 3. d4 cxd4 4. Nxd4 g6 5. Nc3 Bg7 6. Be3 Nf6 7. Bc4 Qa5 8.
O-O O-O 9. a3 d6 10. Nd5 Nxd5 11. Bxd5 Qc7 12. c3 Re8 13. Qd2 Nxd4 14. Bxd4 e6
15. Bxg7 exd5 16. Qh6 f5 17. Bf6 Qf7 18. Bg5 Rxe4 19. f3 Re8 20. Rf2 Bd7 21.
Rd2 Bc6 22. Rad1 Re6 23. Qh4 Rae8 24. Qf2 b5 25. Rf1 Qg7 26. Qh4 a5 27. Rdf2 b4
28. axb4 Bb5 29. bxa5 Bxf1 30. Rxf1 Qa7+ 31. Qd4 Qxa5 32. b4 Qa2 33. Bh6 R8e7
34. Kh1 Qc4 35. Qxc4 dxc4 36. h4 Re2 37. Bg5 R7e6 38. Kh2 Rb2 39. Ra1 Rb3 40.
Ra8+ Kf7 41. Ra7+ Ke8 42. Rxh7 Rxc3 43. b5 Rb3 44. Rb7 c3 45. Kg3 c2 46. Rb8+
Kd7 47. Rb7+ Kc8 48. Rb6 Rc3 49. Bc1 Kc7 50. Ra6 Rc5 51. Ra2 Kb6 52. Bf4 Kxb5
53. Ra1 d5 54. Rc1 Re2 55. Bd6 Rc6 56. Bb8 d4 57. Bf4 d3 58. h5 gxh5 59. Kh3 d2
60. Bxd2 Rxd2 61. Kh4 Rxg2 62. Kh3 Rcg6 63. f4 63... R6g3+ {Hossa resigns} 0-1

[Event "ICS Rated blitz match"]
[Site "207.99.83.229"]
[Date "1999.05.25"]
[Round "?"]
[White "Quaestor"]
[Black "Hossa"]
[Result "1-0"]
[WhiteElo "2810"]
[BlackElo "2421"]
[PlyCount "199"]

1. e4 c5 2. c3 d5 3. exd5 Nf6 4. d4 Qxd5 5. Nf3 Bg4 6. Be2 e6 7. O-O Nc6 8. Be3
cxd4 9. cxd4 Be7 10. Nc3 Qd8 11. h3 Bxf3 12. Bxf3 O-O 13. d5 exd5 14. Nxd5 Rc8
15. Rc1 Nxd5 16. Qxd5 Qxd5 17. Bxd5 a5 18. Rfd1 Bf6 19. Rc2 Rcd8 20. Rcd2 Rd7
21. Be4 Rxd2 22. Rxd2 Rd8 23. Rxd8+ Bxd8 24. b3 g6 25. Kf1 Nb4 26. a3 Nc6 27.
Bd5 Be7 28. Bc1 Bc5 29. g3 h5 30. Kg2 Nd4 31. Be3 b5 32. a4 bxa4 33. bxa4 Kg7
34. Bf4 Kf6 35. Bc7 Bb4 36. f4 Ke7 37. Bb6 Ne2 38. Kf3 Nc3 39. Bb3 f5 40. Bd4
Ne4 41. Bd5 Nc5 42. Bc6 Nd7 43. Bb5 Nc5 44. Be5 Be1 45. Bc6 Nd3 46. Bd4 Nb4 47.
Bb5 Nc2 48. Bc5+ Kf6 49. Bc4 Bb4 50. Bb6 Ke7 51. Bb3 Na3 52. Ba2 Nc2 53. Ke2
Ne1 54. Bf2 Nc2 55. Bb3 Na3 56. Kd3 Nb1 57. Bd4 Nd2 58. Bd5 Nf1 59. Bf2 Nd2 60.
Bg2 Nb3 61. Kc4 Nd2+ 62. Kd5 Nb1 63. Ke5 Nc3 64. Bc6 h4 65. g4 Bd6+ 66. Kd4
Ne2+ 67. Ke3 Nxf4 68. Bxh4+ Ke6 69. gxf5+ gxf5 70. Be1 Nxh3 71. Bxa5 Bc5+ 72.
Kf3 Ng1+ 73. Kg2 Kd6 74. Bb7 Bd4 75. Bd2 Kc7 76. Ba6 Kd6 77. Bf4+ Kc5 78. Bh2
Kb4 79. Bb5 f4 80. Bxg1 f3+ 81. Kf1 Bf6 82. Bc6 Ka5 83. Be3 Bh4 84. Bd2+ Kb6
85. Bxf3 Kc5 86. a5 Bf6 87. Ke1 Kb5 88. Be2+ Kc6 89. a6 Bd4 90. Bf4 Bc3+ 91.
Kf1 Bd4 92. Bb8 Kd7 93. Bf3 Ke7 94. a7 Bf2 95. Kxf2 Kf6 96. Kg3 Ke7 97. a8=Q
Kf8 98. Qb7 Kg8 99. Bd5+ Kh8 100. Be5# {Hossa checkmated} 1-0

[Event "ICS Rated blitz match"]
[Site "207.99.83.229"]
[Date "1999.05.25"]
[Round "?"]
[White "Hossa"]
[Black "Quaestor"]
[Result "0-1"]
[WhiteElo "2418"]
[BlackElo "2813"]
[PlyCount "57"]

1. d4 Nf6 2. Nf3 d5 3. Bf4 c5 4. dxc5 e6 5. b4 b6 6. cxb6 Bxb4+ 7. c3 Bd6 8.
Qa4+ Kf8 9. bxa7 Bxf4 10. Qxf4 Nc6 11. e3 Ne4 12. Bd3 g5 13. Nxg5 Qxg5 14. Bxe4
Qxf4 15. exf4 dxe4 16. Nd2 f5 17. O-O Rg8 18. Rfb1 Rxa7 19. Nc4 Rc7 20. Nd6 Ba6
21. Rb6 Bd3 22. a4 Rcg7 23. Rxc6 Rxg2+ 24. Kh1 Ke7 25. f3 Kd7 26. Rb6 exf3 27.
Nf7 Be4 28. Ne5+ Ke7 29. h4 {Hossa resigns} 0-1

[Event "ICS Rated standard match"]
[Site "207.99.83.229"]
[Date "1999.05.25"]
[Round "?"]
[White "Mofongo"]
[Black "Hossa"]
[Result "1-0"]
[WhiteElo "2654"]
[BlackElo "2286"]
[PlyCount "105"]

1. e4 c5 2. Nf3 Nc6 3. d4 cxd4 4. Nxd4 g6 5. Nc3 Bg7 6. Be3 Nf6 7. Bc4 Qa5 8.
O-O O-O 9. Bb3 d6 10. h3 Nxd4 11. Bxd4 Qg5 12. f4 Qh4 13. Qe1 Qxe1 14. Raxe1
Be6 15. e5 Nd7 16. Nd5 Bxd5 17. Bxd5 Rac8 18. c3 dxe5 19. fxe5 Rc7 20. e6 Bxd4+
21. cxd4 fxe6 22. Bxe6+ Kg7 23. g4 g5 24. Bf5 Nf6 25. Rf3 Nd5 26. Re5 Nf4 27.
Rc3 Rxc3 28. bxc3 Kf6 29. Be4 Ne2+ 30. Kg2 Nxc3 31. Rf5+ Kg7 32. Rxg5+ Kh8 33.
Bxb7 Rd8 34. d5 Nxa2 35. Re5 Rd7 36. Bc8 Rc7 37. Be6 Nb4 38. Rg5 h6 39. Rg6
Rc2+ 40. Kg3 Kh7 41. Bf5 Rc3+ 42. Kh4 Nxd5 43. Rd6+ Kg7 44. Rxd5 Kf6 45. Ra5 e6
46. Bb1 Rb3 47. Ba2 Rb7 48. Kh5 Kg7 49. Bxe6 Kf8 50. Bf5 Rb3 51. h4 Rb7 52.
Kxh6 Ke7 53. g5 {Hossa resigns} 1-0

[Event "ICS Rated standard match"]
[Site "207.99.83.229"]
[Date "1999.05.25"]
[Round "?"]
[White "Hossa"]
[Black "Mofongo"]
[Result "0-1"]
[WhiteElo "2283"]
[BlackElo "2657"]
[PlyCount "115"]

1. e4 c5 2. Nf3 d6 3. c3 Nf6 4. Be2 g6 5. O-O Bg7 6. Bb5+ Bd7 7. Bxd7+ Nbxd7 8.
d3 O-O 9. Na3 e6 10. Qe2 d5 11. c4 Qc7 12. Bg5 a6 13. e5 Ng4 14. Be7 Rfc8 15.
Bd6 Qb6 16. Rad1 Rd8 17. Rde1 Re8 18. Rb1 Qa5 19. Rbd1 b5 20. Rde1 b4 21. h3
Ndxe5 22. hxg4 Nxf3+ 23. Qxf3 bxa3 24. b3 Bd4 25. cxd5 e5 26. Qf6 e4 27. Qf4
exd3 28. Be7 Rad8 29. d6 Rd7 30. Rd1 Qc3 31. g5 Rb8 32. Qg4 Rbb7 33. Qg3 Qc2
34. Rxd3 Qxa2 35. Re1 Qb2 36. Bf6 Bxf6 37. gxf6 Qxf6 38. Re8+ Kg7 39. Re2 Rb4
40. Rd5 Rd4 41. Rxc5 R4xd6 42. Ra5 Rd3 43. Re3 R7d5 44. Rxd3 Rxa5 45. Qc7 Qa1+
46. Kh2 Rh5+ 47. Kg3 a2 48. Qf4 Qb2 49. Rd1 Qxb3+ 50. Qf3 Qb8+ 51. Qf4 Rg5+ 52.
Kf3 Qb3+ 53. Ke2 Qb5+ 54. Kf3 Rf5 55. Qxf5 gxf5 56. g3 Qb3+ 57. Ke2 Qc2+ 58.
Ke1 {Hossa resigns} 0-1

[Event "ICS Rated standard match"]
[Site "207.99.83.229"]
[Date "1999.05.25"]
[Round "?"]
[White "Mofongo"]
[Black "Hossa"]
[Result "1-0"]
[WhiteElo "2660"]
[BlackElo "2280"]
[PlyCount "102"]

1. d4 Nf6 2. c4 c5 3. d5 g6 4. Nc3 Bg7 5. e4 O-O 6. Nf3 d6 7. Be2 e6 8. O-O
exd5 9. cxd5 Bg4 10. h3 Bxf3 11. Bxf3 Nfd7 12. Qb3 Nb6 13. a4 c4 14. Qa3 Qe7
15. a5 N6d7 16. Nb5 Nc5 17. Bf4 Nxe4 18. Bxe4 Qxe4 19. Bxd6 Rc8 20. Rfe1 Qc2
21. Nc7 Bxb2 22. Qa4 Qxa4 23. Rxa4 Na6 24. Nxa8 Rxa8 25. Rxc4 Rd8 26. Be5 Bxe5
27. Rxe5 b6 28. Rd4 bxa5 29. d6 Nb8 30. Rd2 Nd7 31. Rxa5 Nf6 32. Rxa7 Ne4 33.
Rd4 f5 34. f3 Nf6 35. g4 fxg4 36. hxg4 h6 37. Kf2 Nd7 38. Re4 Nf8 39. Ra6 Kf7
40. f4 Ne6 41. Ke3 Nf8 42. Re7+ Kf6 43. Raa7 g5 44. f5 Rb8 45. Reb7 Rxb7 46.
Rxb7 h5 47. gxh5 Ke5 48. d7 Nxd7 49. Rxd7 g4 50. h6 Kxf5 51. h7 51... Ke6 {
Hossa resigns} 1-0

[Event "ICS Rated standard match"]
[Site "207.99.83.229"]
[Date "1999.05.25"]
[Round "?"]
[White "Hossa"]
[Black "Mofongo"]
[Result "0-1"]
[WhiteElo "2277"]
[BlackElo "2663"]
[PlyCount "96"]

1. e4 e5 2. Nf3 Nc6 3. Bc4 Nf6 4. Ng5 d5 5. exd5 Na5 6. Bb5+ c6 7. dxc6 bxc6 8.
Be2 h6 9. Nh3 Bc5 10. O-O O-O 11. d3 Nb7 12. Bf3 Bxh3 13. gxh3 Qd7 14. Bg2 Nd6
15. Qe2 Rfe8 16. Be3 Bd4 17. c3 Rab8 18. Na3 Bxe3 19. fxe3 Red8 20. Rae1 c5 21.
b3 Qc7 22. e4 Qa5 23. Nb1 Nb5 24. Rc1 Nc7 25. Rf5 Ne6 26. Rd1 Nf4 27. Qc2 Nd7
28. Rf1 Qc7 29. Qf2 g6 30. Rxf4 exf4 31. Qh4 Ne5 32. Qxf4 g5 33. Qf6 Rb6 34.
Qf5 Rxd3 35. Kh1 f6 36. Rg1 Rbd6 37. Qf1 Qd7 38. Qe2 Rd1 39. Rf1 f5 40. c4 f4
41. Nc3 f3 42. Bxf3 R1d2 43. Bg4 Rxe2 44. Bxd7 Rc2 45. Bc8 Rdd2 46. Ne2 Rxe2
47. Ba6 Rxh2+ 48. Kg1 48... Rcg2# {Hossa checkmated} 0-1

[Event "ICS Rated standard match"]
[Site "207.99.83.229"]
[Date "1999.05.25"]
[Round "?"]
[White "Mofongo"]
[Black "Hossa"]
[Result "1-0"]
[WhiteElo "2666"]
[BlackElo "2274"]
[PlyCount "61"]

1. d4 Nf6 2. c4 e6 3. Nf3 b6 4. a3 d5 5. Nc3 Be7 6. cxd5 exd5 7. Bf4 O-O 8. e3
Nh5 9. Be5 f6 10. Bg3 Nxg3 11. hxg3 Be6 12. Bd3 f5 13. g4 Nc6 14. gxf5 Bxf5 15.
Qc2 Qd7 16. Nxd5 Qxd5 17. Bc4 Bxc2 18. Bxd5+ Kh8 19. Bxc6 Rad8 20. Rc1 Bf5 21.
e4 Bc8 22. Bd5 Rxf3 23. gxf3 Bd6 24. b4 a5 25. bxa5 bxa5 26. Ke2 Ba6+ 27. Ke3
g5 28. e5 Bxa3 29. Rxc7 Rxd5 30. Ke4 Rb5 31. Rhxh7+ {Hossa resigns} 1-0

[Event "ICS Rated standard match"]
[Site "207.99.83.229"]
[Date "1999.05.25"]
[Round "?"]
[White "Hossa"]
[Black "Mofongo"]
[Result "0-1"]
[WhiteElo "2271"]
[BlackElo "2669"]
[PlyCount "102"]

1. c4 c5 2. Nf3 Nf6 3. Nc3 d5 4. cxd5 Nxd5 5. d4 cxd4 6. Qxd4 Nxc3 7. Qxd8+
Kxd8 8. bxc3 f6 9. e4 e5 10. Be2 Be6 11. O-O Nd7 12. Rd1 Bc5 13. Nd2 Rc8 14.
Nb3 Bb6 15. Rd6 Re8 16. Bb2 Kc7 17. Ba3 Rcd8 18. Rad1 Kc8 19. Bb5 a6 20. Be2 g6
21. Bb4 Bc7 22. R6d2 b5 23. Rb2 Bc4 24. Bxc4 bxc4 25. Nd2 a5 26. Ba3 Nb6 27.
Rc2 Rd3 28. Bb2 Red8 29. Ba1 f5 30. exf5 gxf5 31. h4 e4 32. Bb2 f4 33. Kf1 e3
34. Bc1 Nd5 35. Re1 exd2 36. Bxd2 f3 37. gxf3 Rf8 38. Re2 Rdxf3 39. Kg2 R8f5
40. Kg1 Bb6 41. Re4 Rxf2 42. Rxc4+ Kb7 43. Rd4 Nxc3 44. Rd6 Ne2+ 45. Kh1 Rf1+
46. Kh2 Bg1+ 47. Kh1 Be3+ 48. Kh2 R5f2+ 49. Kh3 Rh1+ 50. Kg4 Rg1+ 51. Kh3 51...
Nf4# {Hossa checkmated} 0-1

[Event "ICS rated standard match"]
[Site "207.99.83.229"]
[Date "1999.05.25"]
[Round "?"]
[White "Mofongo"]
[Black "Hossa"]
[Result "1-0"]
[WhiteElo "2672"]
[BlackElo "2268"]
[PlyCount "96"]

1. d4 Nf6 2. c4 c5 3. d5 g6 4. Nc3 d6 5. e4 Bg7 6. Nf3 Qa5 7. Bd2 O-O 8. Be2
Qb6 9. O-O Bg4 10. Ng5 Bxe2 11. Qxe2 Nbd7 12. f4 h6 13. Nf3 Ng4 14. Rab1 Rac8
15. h3 Ngf6 16. e5 Nh5 17. Qe1 dxe5 18. fxe5 g5 19. d6 e6 20. b3 f6 21. exf6
Rxf6 22. Rd1 Rcf8 23. Bc1 R8f7 24. Be3 Qc6 25. Nb5 a6 26. Na7 Qe4 27. Bc1 Qxe1
28. Rfxe1 Rf8 29. Ne5 Nxe5 30. Rxe5 Ng3 31. Ree1 Rf1+ 32. Rxf1 Bd4+ 33. Rxd4
Rxf1+ 34. Kh2 cxd4 35. Kxg3 Rf8 36. c5 Rd8 37. Ba3 d3 38. Kf2 d2 39. Ke2 g4 40.
c6 bxc6 41. Nxc6 gxh3 42. gxh3 Rd7 43. Ne5 Rd8 44. d7 Kg7 45. Be7 d1=Q+ 46.
Kxd1 Rg8 47. d8=R Kh7 48. Rxg8 48... Kxg8 {Hossa resigns} 1-0

[Event "ICS rated standard match"]
[Site "207.99.83.229"]
[Date "1999.05.25"]
[Round "?"]
[White "Hossa"]
[Black "Mofongo"]
[Result "0-1"]
[WhiteElo "2265"]
[BlackElo "2675"]
[PlyCount "125"]

1. c4 c6 2. e4 d5 3. cxd5 cxd5 4. exd5 Nf6 5. Bb5+ Bd7 6. Bxd7+ Qxd7 7. Nf3
Nxd5 8. O-O Nc6 9. Nc3 e6 10. d4 Be7 11. Be3 O-O 12. Rc1 Rac8 13. Ne4 Bd6 14.
Nfg5 h6 15. Nf3 Rfd8 16. Qe2 a6 17. Rfe1 Re8 18. Rc4 b5 19. Rcc1 Nxe3 20. fxe3
Bb4 21. Rf1 e5 22. Nc5 Bxc5 23. dxc5 e4 24. Nh4 Ne5 25. b4 Nd3 26. Rb1 Re5 27.
g4 g6 28. Kh1 h5 29. gxh5 Rxh5 30. Ng2 a5 31. a3 Rf8 32. Nf4 Rf5 33. Qg4 Rd8
34. Qg3 Qe7 35. Nxg6 Rxf1+ 36. Rxf1 fxg6 37. Qxg6+ Qg7 38. Qh5 axb4 39. axb4
Rf8 40. Qd5+ Kh8 41. Rxf8+ Qxf8 42. Qh5+ Kg8 43. Qg4+ Kh8 44. Qh3+ Kg7 45. Qg4+
Kf6 46. Qd7 Qf7 47. Qd6+ Qe6 48. Qf8+ Kg5 49. Qg7+ Kh5 50. Qh8+ Kg4 51. Qf8
Nxb4 52. Qf4+ Kh5 53. Qb8 Nd3 54. Qxb5 Qf7 55. h3 Qf3+ 56. Kh2 Qe2+ 57. Kg1
Qxe3+ 58. Kh2 Qf4+ 59. Kh1 Kh4 60. Qxd3 exd3 61. Kg2 d2 62. Kg1 Qg3+ 63. Kf1 {
Hossa resigns} 0-1

[Event "ICS rated standard match"]
[Site "207.99.83.229"]
[Date "1999.05.25"]
[Round "?"]
[White "Mofongo"]
[Black "Hossa"]
[Result "1-0"]
[WhiteElo "2678"]
[BlackElo "2262"]
[PlyCount "36"]

1. e4 e5 2. Nf3 Nc6 3. Nc3 Nf6 4. d4 exd4 5. Nd5 Nxe4 6. Qe2 f5 7. Ng5 d3 8.
cxd3 Nd4 9. Qh5+ g6 10. Qh4 Nc2+ 11. Kd1 Nxa1 12. dxe4 h6 13. exf5 Be7 14. Bc4
Bxg5 15. Bxg5 Qxg5 16. Qd4 O-O 17. Ne7+ Kh7 18. fxg6+ 18... Qxg6 {Hossa resigns
} 1-0

[Event "ICS rated standard match"]
[Site "207.99.83.229"]
[Date "1999.05.25"]
[Round "?"]
[White "Hossa"]
[Black "Mofongo"]
[Result "0-1"]
[WhiteElo "2259"]
[BlackElo "2681"]
[PlyCount "154"]

1. e4 c5 2. Nf3 d6 3. b3 e6 4. Nc3 Nc6 5. Bb5 Bd7 6. O-O Nf6 7. d4 cxd4 8. Nxd4
Be7 9. Nxc6 bxc6 10. Be2 O-O 11. Qd3 e5 12. Qg3 Re8 13. Bh6 g6 14. f4 exf4 15.
Qxf4 Qb6+ 16. Kh1 Qa5 17. Rf3 Bg4 18. Re3 Bxe2 19. Nxe2 Nh5 20. Qf3 Bg5 21.
Bxg5 Qxg5 22. Nd4 Rac8 23. Rae1 Qe5 24. Nf5 f6 25. c4 Kh8 26. Nh6 Qe6 27. Ng4
a5 28. Rf1 Kg7 29. h4 a4 30. Re2 h6 31. bxa4 Ra8 32. Rb1 Re7 33. Ne3 Qe5 34.
Nf1 Rxa4 35. Qb3 Nf4 36. Rf2 Rea7 37. Qc2 Ne6 38. Rb2 Nc5 39. Rd2 Nxe4 40. Re2
f5 41. Qd3 Ra3 42. Qb1 Qd4 43. Rb7+ Rxb7 44. Qxb7+ Kf6 45. Rc2 Nf2+ 46. Kh2
Qxh4+ 47. Kg1 Qd4 48. Qb2 Qxb2 49. Rxb2 Ne4 50. Rc2 Rc3 51. Rxc3 Nxc3 52. a3
Ke5 53. Kf2 Kd4 54. Ne3 Na4 55. Kf3 Nb2 56. c5 Kxc5 57. Nc2 Kc4 58. Nb4 Kb5 59.
Kf4 Nc4 60. Nc2 c5 61. Kf3 d5 62. Kf2 Ka4 63. Ke2 Ne5 64. Kd1 d4 65. Kd2 f4 66.
Kc1 d3 67. Ne1 c4 68. Nf3 Nxf3 69. gxf3 c3 70. Kd1 h5 71. Ke1 h4 72. Kd1 h3 73.
Ke1 Kxa3 74. Kd1 h2 75. Ke1 h1=Q+ 76. Kf2 Qh2+ 77. Ke1 77... Qe2# {
Hossa checkmated} 0-1

[Event "ICS rated standard match"]
[Site "207.99.83.229"]
[Date "1999.05.25"]
[Round "?"]
[White "Mofongo"]
[Black "Hossa"]
[Result "1-0"]
[WhiteElo "2684"]
[BlackElo "2256"]
[PlyCount "108"]

1. d4 Nf6 2. c4 e6 3. Nf3 d5 4. Bg5 Be7 5. e3 O-O 6. Nc3 c6 7. Bd3 dxc4 8. Bxc4
Nbd7 9. O-O Ng4 10. Bxe7 Qxe7 11. Bd3 Rd8 12. h3 Ngf6 13. Rc1 Nb6 14. Qb3 Nbd5
15. a3 Nxc3 16. Qxc3 a5 17. Qc5 Qxc5 18. Rxc5 Rd5 19. Rfc1 Rd6 20. Nd2 Rd5 21.
Nc4 Rxc5 22. dxc5 Bd7 23. Kf1 Nd5 24. e4 Nf4 25. Bc2 Be8 26. g3 Ng6 27. f4 f6
28. Bb3 Bf7 29. Nd6 Rb8 30. Rd1 Nf8 31. Bc4 b5 32. Bxb5 Nd7 33. b4 axb4 34.
axb4 cxb5 35. Nxf7 Nxc5 36. bxc5 Kxf7 37. Rd7+ Kg6 38. c6 b4 39. c7 Rc8 40. Ke2
f5 41. e5 h5 42. h4 b3 43. Kd3 b2 44. Kc2 Kh7 45. Kxb2 Kh6 46. Re7 Kh7 47. Kc3
Kh8 48. Kb4 Kh7 49. Kc5 Kg8 50. Kb6 Kf8 51. Kb7 Rxc7+ 52. Rxc7 Kg8 53. Kc6 Kf8
54. Kd6 54... Kg8 {Hossa resigns} 1-0

[Event "ICS Rated standard match"]
[Site "207.99.83.229"]
[Date "1999.05.25"]
[Round "?"]
[White "Hossa"]
[Black "Mofongo"]
[Result "1/2-1/2"]
[WhiteElo "2253"]
[BlackElo "2687"]
[PlyCount "227"]

1. e4 c5 2. Nf3 d6 3. d4 cxd4 4. Nxd4 Nf6 5. Nc3 a6 6. Be2 e5 7. Nb3 Be7 8. Bg5
Be6 9. f4 exf4 10. Bxf4 Nc6 11. O-O O-O 12. Kh1 d5 13. exd5 Nxd5 14. Nxd5 Qxd5
15. Qxd5 Bxd5 16. Rad1 Be6 17. c3 Rac8 18. Bf3 b6 19. Rde1 Bc4 20. Be2 Bxe2 21.
Rxe2 Bh4 22. Nd4 Bf6 23. Bd6 Nxd4 24. cxd4 Rfe8 25. Be5 Bxe5 26. dxe5 Re6 27.
Ref2 Rxe5 28. Rxf7 Re2 29. Ra7 h6 30. Rxa6 Rcc2 31. Rg1 Rxb2 32. h3 b5 33. Ra8+
Kf7 34. a3 Ra2 35. Kh2 b4 36. a4 b3 37. Rb8 Reb2 38. Ra8 g5 39. a5 h5 40. a6
Kg7 41. Ra7+ Kg6 42. Ra8 Kf7 43. a7 Kg7 44. Kh1 g4 45. Kh2 Kh7 46. hxg4 hxg4
47. Kg3 Rc2 48. Rh1+ Kg7 49. Kxg4 b2 50. Rd1 Rxg2+ 51. Kf3 Rf2+ 52. Ke4 Ra4+
53. Ke3 Rh2 54. Rd7+ Kg6 55. Rb7 Rh3+ 56. Kf2 Ra2 57. Kg1 Rg3+ 58. Kh1 Re3 59.
Rg8+ Kf5 60. Rb5+ Re5 61. Rxe5+ Kxe5 62. Rb8 Rxa7 63. Rxb2 Rg7 64. Re2+ Kf4 65.
Kh2 Rg8 66. Rf2+ Ke3 67. Rf1 Ke2 68. Rf4 Rg6 69. Kh3 Ke3 70. Rf1 Rg7 71. Kh4
Rg8 72. Rd1 Rg6 73. Rf1 Rg7 74. Rd1 Rg8 75. Rf1 Kd4 76. Rd1+ Ke4 77. Re1+ Kf3
78. Re5 Kf4 79. Rd5 Rg4+ 80. Kh5 Rg1 81. Rd4+ Kf5 82. Rd5+ Ke4 83. Rd2 Ke5 84.
Re2+ Kd4 85. Rd2+ Ke4 86. Re2+ Kf4 87. Rf2+ Ke3 88. Rf5 Ke4 89. Rf2 Rg3 90.
Re2+ Kd5 91. Rd2+ Ke5 92. Re2+ Kd4 93. Rd2+ Ke3 94. Rd1 Rg2 95. Rf1 Ke4 96.
Re1+ Kd5 97. Rd1+ Ke5 98. Re1+ Kf4 99. Rf1+ Ke3 100. Rd1 Ke2 101. Rd4 Kf3 102.
Rh4 Rg8 103. Rh3+ Kf4 104. Rd3 Rg5+ 105. Kh4 Rg1 106. Rd4+ Ke5 107. Rd3 Kf5
108. Re3 Kf4 109. Rd3 Ra1 110. Rg3 Rh1+ 111. Rh3 Rg1 112. Rh2 Rf1 113. Rh3 Rg1
114. Rh2 {Game drawn by the 50 move rule} 1/2-1/2

[Event "ICS Rated standard match"]
[Site "207.99.83.229"]
[Date "1999.05.25"]
[Round "?"]
[White "Mofongo"]
[Black "Hossa"]
[Result "1-0"]
[WhiteElo "2673"]
[BlackElo "2267"]
[PlyCount "100"]

1. e4 c5 2. Nf3 Nc6 3. d4 cxd4 4. Nxd4 e5 5. Nb5 d6 6. N1c3 a6 7. Na3 b5 8. Nd5
Nf6 9. Bg5 Be7 10. Bxf6 Bxf6 11. c3 Bg5 12. Nc2 O-O 13. a4 bxa4 14. Rxa4 Ne7
15. Bc4 Kh8 16. Ncb4 a5 17. Nxe7 Qxe7 18. Nd5 Qb7 19. O-O f5 20. exf5 Qxb2 21.
Nc7 Bd7 22. Ra2 Qxc3 23. Nxa8 Qxc4 24. Rxa5 Qc6 25. f6 gxf6 26. Qa1 Bh3 27.
gxh3 Rg8 28. Qa2 Bf4+ 29. Qxg8+ Kxg8 30. Rfa1 Qf3 31. R5a3 Bxh2+ 32. Kxh2 Qxf2+
33. Kh1 f5 34. Nc7 Qc2 35. R1a2 Qc4 36. Ne8 d5 37. Kh2 Kf8 38. Nd6 Qf4+ 39. Kg2
Ke7 40. Rf2 Qg5+ 41. Rg3 Qh5 42. Nxf5+ Kd7 43. Rg7+ Kc6 44. Rc2+ Kb5 45. Rb7+
Ka6 46. Rb4 Qg6+ 47. Kh2 Qb6 48. Rxb6+ Kxb6 49. Rc8 Kb5 50. Ne7 50... d4 {
Hossa resigns} 1-0

[Event "ICS rated standard match"]
[Site "207.99.83.229"]
[Date "1999.05.25"]
[Round "?"]
[White "Hossa"]
[Black "Mr-ALJECHIN"]
[Result "1-0"]
[WhiteElo "2264"]
[BlackElo "2000"]
[PlyCount "49"]

1. e4 Nf6 2. e5 Nd5 3. d4 d6 4. Nf3 g6 5. Bc4 Nb6 6. Bb3 Bg7 7. a4 a5 8. Ng5 d5
9. O-O O-O 10. Re1 f6 11. exf6 exf6 12. Ne6 Bxe6 13. Rxe6 Re8 14. Rxe8+ Qxe8
15. Nc3 c6 16. Be3 N8d7 17. Qd2 f5 18. Bh6 Bh8 19. Re1 Qf7 20. Re3 Nf6 21. Qe1
Re8 22. f3 Rxe3 23. Qxe3 Qe8 24. Qe5 Nbd7 25. Nxd5 {Mr-ALJECHIN resigns} 1-0

[Event "ICS rated blitz match"]
[Site "207.99.83.229"]
[Date "1999.05.25"]
[Round "?"]
[White "xroniko"]
[Black "Hossa"]
[Result "0-1"]
[WhiteElo "2154"]
[BlackElo "2407"]
[PlyCount "56"]

1. d4 Nf6 2. Nf3 d5 3. c4 e6 4. Nc3 c6 5. Bg5 Be7 6. e3 O-O 7. Bd3 dxc4 8. Bxc4
Nbd7 9. O-O Ng4 10. Bxe7 Qxe7 11. e4 Nb6 12. Bd3 Bd7 13. e5 Rad8 14. Ne4 Nd5
15. Neg5 h6 16. Nh7 Rfe8 17. h3 Nge3 18. fxe3 Nxe3 19. Qe2 Nxf1 20. Rxf1 Qb4
21. Qe4 Qxb2 22. Nf6+ Kf8 23. Nxe8 Bxe8 24. Nh4 Qxd4+ 25. Qxd4 Rxd4 26. Ng6+
Kg8 27. Nf4 g5 28. Rd1 28... Rxf4 {xroniko resigns} 0-1

[Event "ICS Rated standard match"]
[Site "207.99.83.229"]
[Date "1999.05.25"]
[Round "?"]
[White "Nothing"]
[Black "Hossa"]
[Result "0-1"]
[WhiteElo "1972"]
[BlackElo "2268"]
[PlyCount "62"]

1. d4 Nf6 2. c4 e6 3. Nc3 Bb4 4. Nf3 b6 5. g3 Ba6 6. Qb3 c5 7. Bg2 Nc6 8. dxc5
bxc5 9. O-O Na5 10. Qa4 Bxc3 11. bxc3 O-O 12. Ne5 Bb7 13. Rd1 Bxg2 14. Kxg2 d6
15. Bg5 Qc7 16. Bxf6 dxe5 17. Bg5 f6 18. Be3 Rf7 19. Rab1 a6 20. Rb2 f5 21. f3
f4 22. Bf2 Nb7 23. Rbd2 Qb6 24. Qa3 e4 25. fxe4 fxg3 26. Bxg3 Qc6 27. Rd5 exd5
28. cxd5 Qg6 29. Qa4 Re7 30. Rb1 Rxe4 31. Qc2 31... Qg4 {Nothing resigns} 0-1

[Event "ICS rated blitz match"]
[Site "207.99.83.229"]
[Date "1999.05.25"]
[Round "?"]
[White "Hossa"]
[Black "Pop-eye"]
[Result "1-0"]
[WhiteElo "2413"]
[BlackElo "2276"]
[PlyCount "69"]

1. e4 e5 2. Nf3 d6 3. d4 Nd7 4. Nc3 Ngf6 5. Bd3 Be7 6. O-O c6 7. Be3 O-O 8. Qe2
Qc7 9. Rae1 Re8 10. Rd1 Nf8 11. dxe5 dxe5 12. Ng5 Ng6 13. Bc4 Rf8 14. a4 a5 15.
Rd3 h6 16. Nf3 Re8 17. Rfd1 Bf8 18. Qd2 Bg4 19. Qe1 Bxf3 20. gxf3 Rad8 21. Qf1
Be7 22. Qg2 Kf8 23. Qg3 Nh5 24. Qg4 Nf6 25. Qf5 Rxd3 26. Rxd3 Rd8 27. Ne2 Rxd3
28. cxd3 Qd7 29. Qxd7 Nxd7 30. d4 exd4 31. Nxd4 Bc5 32. Kf1 Nge5 33. Be2 g5 34.
b3 f6 35. Ne6+ {Pop-eye resigns} 1-0

[Event "ICS rated blitz match"]
[Site "207.99.83.229"]
[Date "1999.05.25"]
[Round "?"]
[White "jacdion"]
[Black "Hossa"]
[Result "1-0"]
[WhiteElo "2781"]
[BlackElo "2423"]
[PlyCount "80"]

1. e4 c5 2. Nf3 Nc6 3. d4 cxd4 4. Nxd4 Nf6 5. Nc3 e5 6. Ndb5 a6 7. Nd6+ Bxd6 8.
Qxd6 Qb6 9. Bd3 Qb4 10. Qxb4 Nxb4 11. Bg5 Nh5 12. O-O f6 13. Be3 Nxd3 14. cxd3
O-O 15. Nd5 b5 16. g4 Nf4 17. Bxf4 exf4 18. Nxf4 Bb7 19. Rfc1 Bc6 20. Rc5 Rae8
21. Rac1 Bxe4 22. dxe4 Rxe4 23. Ng2 Rb4 24. b3 Rd4 25. Ne3 Kf7 26. Rc7 Re8 27.
Ra7 Re6 28. Rcc7 Red6 29. h3 g6 30. Kg2 Rd2 31. Nc2 h5 32. gxh5 gxh5 33. Nb4
Ke7 34. Rc5 h4 35. Rh5 R6d4 36. Nc6+ Kf7 37. Nxd4 Rxd4 38. Rxa6 b4 39. Rb5 d5
40. Rb7+ 40... Kg6 {Hossa resigns} 1-0

[Event "ICS rated blitz match"]
[Site "207.99.83.229"]
[Date "1999.05.25"]
[Round "?"]
[White "MissSilicon"]
[Black "Hossa"]
[Result "1/2-1/2"]
[WhiteElo "2564"]
[BlackElo "2431"]
[PlyCount "164"]

1. e4 c5 2. Nf3 Nc6 3. Bb5 g6 4. O-O Bg7 5. c3 Nf6 6. d3 O-O 7. Bf4 a6 8. Ba4
d5 9. Bxc6 bxc6 10. e5 Ng4 11. h3 Nh6 12. d4 cxd4 13. Nxd4 Qc7 14. Qa4 Bd7 15.
e6 Qxf4 16. exd7 c5 17. g3 Qd6 18. Nb3 c4 19. N3d2 Rad8 20. Re1 Rxd7 21. b3
cxb3 22. axb3 Ra7 23. b4 Rc8 24. Qb3 Rb7 25. Ra5 Rb5 26. Rxb5 axb5 27. Nf3 Qd7
28. Ne5 Qe6 29. Nd3 Qf5 30. Nf4 e6 31. Qa3 g5 32. Qa6 Rf8 33. Ng2 Qxh3 34. Ne3
Rb8 35. Qa7 Rd8 36. Qe7 Ra8 37. Qb7 Ra1 38. Qb8+ Bf8 39. Qxb5 Ng4 40. Nxg4 Qxg4
41. Qd3 Ra2 42. Nd2 Ra3 43. Nb1 Ra1 44. Kg2 Bd6 45. Rh1 h5 46. Nd2 Rxh1 47.
Kxh1 h4 48. Nf1 h3 49. Kh2 Qh5 50. Ne3 Bf8 51. c4 Bxb4 52. cxd5 Kf8 53. Qc4 Bd6
54. Qc6 Bxg3+ 55. Kxg3 Qh4+ 56. Kf3 h2 57. Qa8+ Kg7 58. Qa1+ Kg8 59. Qh1 exd5
60. Nxd5 Qh3+ 61. Ke4 Qg4+ 62. Ke3 Qg1 63. Nf6+ Kf8 64. Qa8+ Kg7 65. Ne8+ Kh7
66. Qe4+ Kg8 67. Nf6+ Kg7 68. Nh5+ Kh6 69. Ng3 Qe1+ 70. Kd3 Qxf2 71. Nf5+ Kh7
72. Ng3+ Kg8 73. Qe8+ Kg7 74. Qe5+ Kf8 75. Qb8+ Ke7 76. Qc7+ Ke6 77. Qc6+ Ke5
78. Qc7+ Kd5 79. Qc4+ Ke5 80. Qc7+ Kd5 81. Qc4+ Ke5 82. Qc7+ 82... Kd5 {
Game drawn by repetition} 1/2-1/2